Science Quiz

Random Science or Elements Quiz

Elements by First 2 and Last 2 Letters Quiz Stats

Quiz Updated Apr 14, 2016

Challenge
Share
Tweet
Embed
Score 0/22 Timer 03:00
2 Plays Today
First 2 & Last 2 Letters Element % Correct
COLTCobalt
91.4%
IONEIodine
90.2%
ARONArgon
89.9%
HYENHydrogen
89.9%
MERYMercury
89.5%
RAONRadon
89.4%
ARICArsenic
85.5%
NIELNickel
85.5%
SUURSulphur
84.7%
CAONCarbon
81.5%
TUENTungsten
78.6%
First 2 & Last 2 Letters Element % Correct
BITHBismuth
77.1%
EIUMEinsteinium
72.5%
MASEManganese
67.4%
FRUMFrancium
67.3%
ANNYAntimony
66.5%
SIERSilver
66.1%
STUMStrontium
62%
EUUMEuropium
59%
CHUMChromium
56.5%
ASNEAstatine
47.9%
LUUMLutetium
29.7%

You're not logged in!

Compare scores with friends on all Sporcle quizzes.
Join for Free
OR
Log In

You Might Also Like...

Show Comments

Extras

Top Quizzes Today


Score Distribution

Your Account Isn't Verified!

In order to create a playlist on Sporcle, you need to verify the email address you used during registration. Go to your Sporcle Settings to finish the process.

Report this User

Report this user for behavior that violates our Community Guidelines.

Details: